Prácu márne hľadajú ekonómovia aj právnici evidujú rekordný počet absolventov

Bibliographic Details
Main Author: Šoltísová, Eva (Author)
Format: Article
Language:Slovak
PhysicalDescription:Fotogr.
ISSN:1335-7590
Subjects:

MARC

LEADER 00000nab a2200000 ar4500
001 vtls010517820
003 SK-MaSNL
005 20260303090437.0
008 130607c20120211xo mr|p|||||||000 b|slo
038 |a SNSK 
040 |b slo  |c SNSK  |e AACR2 
041 |a slo 
044 |a xo  |c SK 
080 |a 331.56  |x (437.672.121.142)  |2 2001 
100 1 |a Šoltísová, Eva  |4 aut  |9 896041 
245 1 0 |a Prácu márne hľadajú ekonómovia aj právnici  |b evidujú rekordný počet absolventov  |c Eva Šoltísová 
300 |b Fotogr. 
610 2 7 |a Úrad práce, sociálnych vecí a rodiny (Spišská Nová Ves, Slovensko)  |2 snsk  |9 1088770 
650 0 7 |a nezamestnanosť  |2 snsk  |9 4271 
651 7 |a Spišská Nová Ves (Slovensko)  |2 snsk  |9 28800 
773 0 |t Korzár  |g Roč. XIV., č. 35 (11.2.2012), s. 1, 2  |x 1335-7590 
852 |a SNSK  |b KIS3GCP 
999 |c 1803321  |d 1805251